History - World History | 1 | 1 | 0 | 1 | 25 | 45 | 86.50 | 1 | 2 |
| 0 | 2 | 0 | 0 | 20 | 120 | 127.00 | 0 | 1 |
Literature - British Literature | 1 | 1 | 1 | 0 | 20 | 77 | 105.00 | 1 | 1 |
Literature - American Literature | 0 | 2 | 1 | 0 | 15 | 82 | 96.50 | 0 | 1 |
Fine Arts - Auditory Fine Arts | 0 | 1 | 0 | 1 | 10 | 102 | 102.00 | 0 | 1 |
Geography | 0 | 1 | 1 | 1 | 5 | 141 | 141.00 | 0 | 0 |
Fine Arts - Visual Fine Arts | 0 | 1 | 1 | 0 | 5 | 101 | 101.00 | 0 | 1 |
Science - Biology | 0 | 0 | 0 | 0 | 0 | | 0.00 | 0 | 0 |
Science - Chemistry | 0 | 1 | 2 | 0 | 0 | 127 | 127.00 | 0 | 0 |
Science - Physics | 0 | 1 | 2 | 0 | 0 | 75 | 75.00 | 1 | 1 |
Other Science: Computer Science | 0 | 0 | 1 | 0 | -5 | | 0.00 | 0 | 0 |
Other Science: Earth Science | 0 | 0 | 1 | 0 | -5 | | 0.00 | 0 | 0 |
Other Science: Math | 0 | 0 | 1 | 0 | -5 | | 0.00 | 0 | 0 |
Literature - European Literature | 0 | 0 | 1 | 0 | -5 | | 0.00 | 0 | 0 |
Other Arts: Visual | 0 | 0 | 1 | 0 | -5 | | 0.00 | 0 | 0 |
Other Science: Astronomy | 0 | 0 | 1 | 0 | -5 | | 0.00 | 0 | 0 |
Other Arts: Auditory | 0 | 0 | 1 | 0 | -5 | | 0.00 | 0 | 0 |
Social Science | 0 | 0 | 2 | 0 | -10 | | 0.00 | 0 | 0 |